000 02000cam a22005174a 4500
001 muse77643
003 MdBmJHUP
005 20210127151344.0
006 m o d
007 cr||||||||nn|n
008 181005s1977 mx o 00 0 spa d
020 _a9786076283295
020 _z6076283297
035 _a(OCoLC)1055764308
040 _aMdBmJHUP
_cMdBmJHUP
043 _an-mx---
050 4 _aF1226
_b.H57 1977eb
082 0 _a972
_222
245 0 0 _aHistoria general de México
_nTomo 1
_cBernado García Martinez [and others] ; Daniel Cosío Villegas, coordinador.
_nTomo 1
250 _aSecond edition
264 1 _bEl Colegio de Mexico,
264 3 _bProject MUSE,
300 _a1 online resource (1 online resource viii, 288 pages)
500 _aObra preparada por el Centro de Estudios Històricos--facing title page
506 0 _aOpen Access
_fUnrestricted online access
_2star
588 0 _aDescription based on print version record.
651 0 _aMexico.
_2fast
_0(OCoLC)fst01211700
651 0 _aMexico
_xHistory.
650 0 _aHISTORY / Latin America / Mexico
_2bisacsh
655 0 _aHistory.
_2fast
_0(OCoLC)fst01411628
655 0 _aElectronic books.
_2lcgft
655 0 _aElectronic books.
655 7 _aElectronic books.
_2local
700 1 _aCosío Villegas, Daniel,
_d1898-1976.
710 2 _aProject Muse.
_e distributor
710 2 _aColegio de Mexico.
_bCentro de Estudios Históricos.
776 1 8 _iPrint version:
_tHistoria general de Mexico. Tomo 1.
_b2a edition, 1a reim.
_dMexico, D.F. : El Colegio de Mexico, 1977
_w(OCoLC)920972359
710 2 _aProject Muse.
_edistributor
830 0 _aBook collections on Project MUSE.
830 0 _aBook collections on Project MUSE.
856 4 0 _zFull text available:
_uhttps://muse.jhu.edu/book/67455/
999 _c25502
_d25502